| 000 | 01279nam a2200277 a 4500 | ||
|---|---|---|---|
| 001 | 78135 | ||
| 003 | BD-RjUL | ||
| 005 | 20211209083107.0 | ||
| 008 | 210325s19371356ua 000 0 ara d | ||
| 035 | _a(BD-RjUL)78361 | ||
| 040 |
_aUkOxU _cUkOxU _beng |
||
| 041 | _aara | ||
| 066 | _c(3 | ||
| 082 |
_223 _a297.125 _bTIJ 1937[1356] |
||
| 100 | 1 |
_aترمذي، محمد ابن عيسى.;; Tirmidhī, Muḥammad ibn ʿĪsá,لأبي عيسى محمد بن عيسى بن سورة ؛ تحقيق محمد فؤاد عبد الباقي... [و آخ.]. _d-892. _9246567 |
|
| 245 | 1 | 0 |
_aالجامع الصحيح وهو سنن الترمذي ;; al-Jāmiʿ al-Ṣaḥīḥ wa-huwa Sunan al-Tirmidhī / _c أبي عيسى محمد بن عيسى بن سورة الترمذي ;; -Abī ʿĪsá Muḥammad ibn ʿĪsá ibn Sūrah al-Tirmidhī |
| 250 | _aal-Ṭabʿah 1. | ||
| 260 |
_aالقاهرة : , _bمصطفى البابي الحلبي، _c 1937-1965 1357-1385 |
||
| 300 |
_av. ; _c25 cm. |
||
| 505 | _aVol. 2.--v.3 | ||
| 650 | 0 |
_aHadith _vTexts _vEarly works to 1800. _9246568 |
|
| 700 | 1 |
_a Baqi, mohammad fawaed [ ba tahqiq] _9246583 |
|
| 700 | 1 |
_ashakir, ahmad mohammad[ ba tahqiq] _9246584 |
|
| 942 |
_2ddc _cBK |
||
| 999 |
_c78135 _d78135 |
||